000 00422cam a22001454a 4500
082 0 0 _a629.287233
_bCED
_cN-01, P-206
100 1 _aCeder, avishai
_925015
245 1 4 _aPubic transit planning and operation
_cAvishai ceder
260 _aLondon :
_bBritish library.
_cc2007.
300 _axvii, 626 p. :
_bill. ;
_c32 cm.
500 _a.
526 _a0
_b0
_c0
_d629_287233000000000_CED
650 0 _aMCE
_9379
942 _2ddc
_cBK
999 _c548215
_d548215